Όταν θα ξυπνήσουμε ανάμεσα στους νεκρούς
Αποθηκεύτηκε σε:
| Κύριος συγγραφέας: | |
|---|---|
| Άλλοι συγγραφείς: | |
| Μορφή: | Βιβλίο |
| Γλώσσα: | Greek |
| Δημοσίευση: |
Αθήναι :
Εκδοτική Εταιρεία Γ. Παπαδημητρίου & Σιας,
[1925].
|
| Σειρά: | Βιβλιοθήκη Νέας Λογοτεχνίας ;
19 |
| Θέματα: | |
| Ετικέτες: |
Προσθήκη ετικέτας
Δεν υπάρχουν, Καταχωρήστε ετικέτα πρώτοι!
|
MARC
| LEADER | 00000nam a2200000 a 4500 | ||
|---|---|---|---|
| 001 | 1/126272 | ||
| 008 | 230310q1925####gr | ||| |||| ||gre|| | ||
| 040 | |a GR-MyUa |b gre |c GR-MyUa |e AACR2 | ||
| 041 | 0 | |a gre | |
| 082 | 7 | |a 839.822 |2 (23) | |
| 100 | 1 | |a Ibsen, Henrik, |d 1828-1906. | |
| 245 | 1 | 0 | |a Όταν θα ξυπνήσουμε ανάμεσα στους νεκρούς / |c Ερρίκου Ίψεν ; μετάφραση Ν. Αδάκρυτου. |
| 260 | |a Αθήναι : |b Εκδοτική Εταιρεία Γ. Παπαδημητρίου & Σιας, |c [1925]. | ||
| 300 | |a 127 σ. ; |c 16 εκ. | ||
| 490 | 1 | |a (Βιβλιοθήκη Νέας Λογοτεχνίας ; |v 19) | |
| 500 | |a Το βιβλίο είναι από την προσωπική συλλογή των Μιχαήλ και Πέπας Αποστόλου, καθηγητή Γαλλικής γλώσσας της Εμπορικής Σχολής και δασκάλας της Προφυριάδας Σχολής αντίστοιχα. | ||
| 650 | 0 | |a Norwegian drama. | |
| 700 | 1 | |a Αδάκρυτος, Νίκος, |e trl | |
| 830 | 0 | |a Βιβλιοθήκη Νέας Λογοτεχνίας ; |v 19 | |
| 970 | |a Γουβάλα |b Βάσω |z 09-03-2023 | ||